Novoročná daňová kozmetika

Prezentácia zmien v oblasti daní a odvodov na Slovensku.

Saved in:
Bibliographic Details
Main Author: Pavelka, Ľuboš, 1962-
Format: Book Chapter
Language:Slovak
Subjects:
Tags: Add Tag
No Tags, Be the first to tag this record!

MARC

LEADER 00000naa a2200000 4500
001 0239849
005 20240502073905.2
041 0 |a slo 
044 |a SK 
245 1 0 |a Novoročná daňová kozmetika  |c Ľuboš Pavelka 
520 |a Prezentácia zmien v oblasti daní a odvodov na Slovensku. 
610 2 0 |a dane 
610 2 0 |a odvody 
610 2 0 |a úpravy právne 
610 2 0 |a Slovensko 
100 1 |a Pavelka, Ľuboš, 1962-